000 00396cam a2200157ua 4500
041 _aeng
_h
082 _a425
_bSON/NE
100 _aSonnenschein, E A .
245 _aNew English grammer /
_cE A Sonnenschein.
_hTextual Documents
250 _a1 /
_b.
260 _aLondon :
_bOxford at the Clarendon Press ,
_c1956.
300 _a145 ; .
504 _a
942 _cBK
999 _c12453
_d12453